India Before The Ambanis: A History of Indian Business Money and Economy (Record no. 46458)

MARC details
000 -LEADER
fixed length control field 00504nam a22001697a 4500
005 - DATE AND TIME OF LATEST TRANSACTION
control field 20250812113558.0
008 - FIXED-LENGTH DATA ELEMENTS--GENERAL INFORMATION
fixed length control field 250812b |||||||| |||| 00| 0 eng d
020 ## - INTERNATIONAL STANDARD BOOK NUMBER
International Standard Book Number 9780670098576
041 ## - LANGUAGE CODE
Language code of text/sound track or separate title Eng
082 ## - DEWEY DECIMAL CLASSIFICATION NUMBER
Classification number 338.5 SUB
100 ## - MAIN ENTRY--PERSONAL NAME
Author Subramanian, Lakshmi
245 ## - TITLE STATEMENT
Title India Before The Ambanis: A History of Indian Business Money and Economy
260 ## - PUBLICATION, DISTRIBUTION, ETC.
Place Haryana
Publisher Penguin Business
Publication Year 2024
300 ## - PHYSICAL DESCRIPTION
Extent 250;. p. 22 cm
650 ## - SUBJECT ADDED ENTRY--TOPICAL TERM
Subject Managerial Economics; Business Money and Economy
942 ## - ADDED ENTRY ELEMENTS (KOHA)
Koha item type Books
Holdings
Withdrawn status Lost status Source of classification or shelving scheme Damaged status Not for loan Home library Current library Shelving location Accession Date Vendor Price Bill number Total Checkouts Full call number Barcode No Date last seen Date last checked out Bill Date Koha item type Suggested By
    Dewey Decimal Classification     IMTN IMTN Rack 10-B 08/11/2025 Amazon.in 426.00 HYD8-3252120 1 338.5 SUB 33928 08/30/2025 08/19/2025 07/24/2025 Books Faculty Purchase by Dr. R. K. Jena
Designed & Maintained by: LRC IMT Nagpur Contact: lrc@imtnag.ac.in© 2024. All Rights Reserved.